000 00843nam a2200229 a 4500
001 BRCA_493
005 20190320203032.0
008 281105s1999----us-a---###---#000-0#eng-d
020 _a1879128195
050 4 _aNK4340.T3
_b.M37 1999
100 1 _aMcQuade, Margaret Connors
_91699
245 1 0 _aTalavera poblana
_bFour Centuries of a Mexican Ceramic Tradition
_cMargaret Connors McQuade.
260 _aNueva York
_bAmericas Society
_c1999
300 _a112 p.
_bil.
_c20 cm.
500 _aCatálogo de la exposición realizada en la Americas Society Art Gallery, 1999
504 _aBibliografía: p. 111-112
546 _aTexto en español e inglés
650 1 4 _aTalavera poblana
_91700
650 1 4 _aTalavera de puebla
_ySiglo XVI al XIX
_zMéxico
_91701
650 1 4 _aCerámica mexicana
_vExposiciones
_zPuebla, México
_91702
942 _2lcc
_cB
999 _c427
_d427